Cinq pays les moins peuplés par continent - Statistiques

Statistiques générales
  • Ce quiz a été pris 154 fois
  • Le résultat moyen est 22 sur 30
Statistiques - réponses
Hint Réponse Population % Correct
Europe Vatican 496
95%
Europe Saint-Marin 33,581
94%
Europe Andorre 81,938
92%
Europe Liechtenstein 39,870
91%
Amérique du Sud Guyana 831,087
89%
Europe Monaco 38,631
88%
Amérique du Sud Paraguay 6,929,153
87%
Amérique du Sud Uruguay 3,386,588
87%
Amérique du Sud Bolivie 12,413,315
86%
Amérique du Sud Suriname 634,431
85%
Afrique Seychelles 130,418
78%
Afrique Cap-Vert 524,877
76%
Amérique du Nord Saint-Vincent-et-les-Grenadines 100,616
74%
Afrique Sao Tomé-et-Principe 235,536
73%
Amérique du Nord Saint-Christophe- et-Niévès 46,843
72%
Amérique du Nord Dominique 66,205
69%
Amérique du Nord Grenade 117,207
69%
Océanie Nauru 11,947
69%
Océanie Îles Marshall 37,548
68%
Océanie Tonga 104,175
67%
Asie Bhoutan 791,524
66%
Afrique Eswatini 1,242,822
66%
Amérique du Nord Antigua-et-Barbuda 93,772
64%
Asie Brunei 462,721
64%
Afrique Djibouti 1,168,722
64%
Asie Timor Oriental 1,400,638
64%
Océanie Tuvalu 9,646
64%
Océanie Palaos 17,695
61%
Asie Maldives 527,799
59%
Asie Chypre 1,358,282
48%
Aucun quiz correspondant
Distribution des résultats
% des personnes avec chaque résultat
Percentile par nombre de réponses
Votre historique - résultats
Vous n’avez pas pris ce quiz